000 00477nam a2200181Ia 4500
003 GCL
008 140319s9999 xx 000 0 ara d
040 _aGCL /
_cGCL
082 0 4 _aط
_b640.7
_bهـ ا
100 1 _aهيام انور داود
245 1 0 _aانا وبيتى /
_cهيام انور داود
300 _a31 ص
490 _aسلسلة هوايات
_v0
650 0 4 _aالمساكن
650 0 4 _aالتنظيف
650 0 4 _aالنظافة
942 _2ddc
_cBK
999 _c45405
_d45405